Who did that 2020s song? - Statistics

General Stats
  • This quiz has been taken 282 times
  • The average score is 11 of 16
Answer Stats
Year Song Artist/Group % Correct
2020 Blinding Lights The Weeknd
94%
2020 Levitating Dua Lipa
92%
2024 Espresso Sabrina Carpenter
91%
2020 Watermelon Sugar Harry Styles
90%
2021 Good 4 U Olivia Rodrigo
83%
2023 Flowers Miley Cyrus
82%
2022 Anti-Hero Taylor Swift
79%
2021 Bad Habits Ed Sheeran
70%
2022 About Damn Time Lizzo
68%
2020 Dynamite BTS
67%
2024 Yes, And? Ariana Grande
65%
2020 Heat Waves Glass Animals
63%
2024 Beautiful Things Benson Boone
58%
2020 How you like that? Blackpink
47%
2023 Cupid Fifty Fifty
27%
2023 Until I Found You Stephen Sanchez
27%
No matching quizzes found
Score Distribution
Percent of People with Each Score
Percentile by Number Answered
Your Score History
You have not taken this quiz